000 01921nam0a2200349 4500
001 RU\NLR\BIBL_A\022600850
005 20260420052029.0
010 _a978-5-7046-3195-8
_950
021 _aRU
_bКН-П-25-035877
_9КН-П-25-3531
035 _a(NLR Aleph) 022600850
090 _a13681515
_c13681515
100 _a20250813d2025 u y0rusy50 ca
101 0 _arus
102 _aRU
105 _aa j 000yy
181 0 _ai
_baxxe
182 0 _an
200 1 _aКомбинированные энергетические установки
_eучебное пособие для студентов, обучающихся по направлению подготовки 13.03.03 "Энергетическое машиностроение"
_fО. М. Митохова, В. Г. Грибин, М. О. Белова
_gМинистерство науки и высшего образования Российской Федерации, Национальный исследовательский университет "МЭИ", [Московский энергетический институт]
203 _aТекст
_bвизуальный
_cнепосредственный
210 _aМосква
_cИзд-во МЭИ
_d2025
215 _a110 с.
_cил., табл.
_d20
300 _aНа обл.: 95 МЭИ
320 _aБиблиогр.: с. 90 (14 назв.)
606 1 _aКомбинированные силовые установки
_jУчебные издания для высших учебных заведений
_91101614
_3RU\NLR\AUTH\66114272
686 1 _aЗ374-5я73-1
700 1 _aМитрохова
_bО. М.
_gОльга Михайловна
701 1 _aГрибин
_bВ. Г.
_gВладимир Георгиевич
701 1 _aБелова
_bМ. О.
_gМария Олеговна
942 _cBOOK
980 _aNB